000 00383nam a2200181Ia 4500
001 14182
005 20260306164855.0
008 260306t2012||||xx |||||||||||||| ||spa||
041 _aESP
082 _a510
_bL25 2012
100 _aLarson, Ron
_eAUT
245 0 _aPrecálculo
260 _c2012
300 _a
_c
650 _aGEN
654 _aCMA
942 _cLIB
_dJUS
_fJUS
_2ddc
_n
999 _c14182
_d14182